| 000 | 01441cam a2200409 i 4500 | ||
|---|---|---|---|
| 999 |
_c63983 _d63983 |
||
| 001 | 768714001 | ||
| 003 | CO-MdFUSB | ||
| 005 | 20180622170022.0 | ||
| 008 | 090914s2009 sp a | |||| 000 0 spa | ||
| 017 |
_aM 27567-2009 _bOficina Depósito Legal Madrid |
||
| 020 | _a9788474909883 | ||
| 040 |
_aSpMaBN _bspa _cCO-MdFUSB _erda _dCO-MdFUSBC |
||
| 041 | _aspa | ||
| 080 | _a34.096 Galilei, Galileo | ||
| 080 | _a215"16" | ||
| 082 |
_223 _a261.55 _bAR791 |
||
| 100 | 1 |
_aArtigas, Mariano _d1938-2006 _eautor |
|
| 245 | 1 | 3 |
_aEl caso Galileo _b: mito y realidad _c/ Mariano Artigas y William R. Shea |
| 264 | 1 |
_aMadrid _bEncuentro _c[2009] |
|
| 264 | 4 | _c©2009 | |
| 300 |
_a399 páginas : _bilustraciones; _c23 cm |
||
| 336 |
_2rdacontent _a1 _ba1 |
||
| 337 |
_2rdamedia _a2 _b5 |
||
| 338 |
_2rdacarrier _a2 _b5 |
||
| 490 | 1 | _aEnsayos | |
| 504 | _aBibliografía: p. 391-398 | ||
| 505 | 1 | _aGuerra entre ciencia y religión -- ¿Tenía que suceder? -- Galileo revolucionario -- ¿Fue torturado galileo? -- ¿Jugo sucio? -- El derecho a equivocarse -- Otros mundos -- Galileo, un copernicano católico -- Nuevos documentos -- El mito de nunca acabar. | |
| 563 | _aRústico | ||
| 600 | 1 | 7 |
_aGalilei, Galileo _xProcesos _2embne |
| 650 | 7 |
_aReligión y ciencia _yS.XVII _2embne |
|
| 700 | 1 |
_aShea, William R. _d1937- |
|
| 830 |
_aEnsayo : Ciencia _v387 |
||
| 942 | _cBK | ||
| 956 | _a2 | ||